| 000 -LEADER |
| fixed length control field |
00541nam a22001217a 4500 |
| 040 ## - CATALOGING SOURCE |
| Transcribing agency |
HS |
| 082 ## - DEWEY DECIMAL CLASSIFICATION NUMBER |
| Classification number |
333 |
| 100 ## - MAIN ENTRY--AUTHOR NAME |
| Personal name |
ត្រាន ថាន់កាញ់ TRAN THANH CHANH |
| 245 ## - TITLE STATEMENT |
| Title |
ដី និង ព្រៃកម្ពុជា sols et vegetation forestiere du cambodge octobre 1994 |
| 260 ## - PUBLICATION, DISTRIBUTION, ETC. (IMPRINT) |
| Place of publication |
សមាគមមិត្តភាពអ្នកបច្ចេកទេសកសិកម្មខ្មែរ |
| Name of publisher |
នាយកដ្នាន រុក្ខាប្រមាញ់ |
| Year of publication |
1994 |
| 300 ## - PHYSICAL DESCRIPTION |
| Number of Pages |
152p; |
| 942 ## - ADDED ENTRY ELEMENTS (KOHA) |
| Koha item type |
សៀវភៅភាសាខ្មែរ |
| 952 ## - LOCATION AND ITEM INFORMATION (KOHA) |
| Withdrawn status [LOCAL, KOHA] |
0 |
| 952 ## - LOCATION AND ITEM INFORMATION (KOHA) |
| Withdrawn status [LOCAL, KOHA] |
0 |
| 952 ## - LOCATION AND ITEM INFORMATION (KOHA) |
| Withdrawn status [LOCAL, KOHA] |
0 |
| 952 ## - LOCATION AND ITEM INFORMATION (KOHA) |
| Withdrawn status [LOCAL, KOHA] |
0 |
| 952 ## - LOCATION AND ITEM INFORMATION (KOHA) |
| Withdrawn status [LOCAL, KOHA] |
0 |
| 952 ## - LOCATION AND ITEM INFORMATION (KOHA) |
| Withdrawn status [LOCAL, KOHA] |
0 |
| 952 ## - LOCATION AND ITEM INFORMATION (KOHA) |
| Withdrawn status [LOCAL, KOHA] |
0 |